| 000 | 00567nab a2200205 a 4500 | ||
|---|---|---|---|
| 005 | 20210219161847.0 | ||
| 008 | 991125s1985 mx 000 0 spa u | ||
| 035 | _aUPN01000193098 | ||
| 100 | 1 | _aSánchez Cervantes, Alberto | |
| 222 | _aCERO EN CONDUCTA | ||
| 245 | _aAprendiendo a enseñar historia : una experiencia de formación docente | ||
| 260 | _aMéxico | ||
| 300 | _a6-16 | ||
| 362 | 0 | _a2013 No. 85, año 25, may. | |
| 653 | 0 | _aFORMACION DOCENTE | |
| 653 | 0 | _aHISTORIA | |
| 653 | 0 | _aENSEÑANZA | |
| 653 | 0 | _aPRACTICA DOCENTE | |
| 905 | _aArticulo | ||
| 999 |
_c165199 _d165199 |
||